Statistics for European Countries and Capitals

Click here to take the quiz!

General Stats

  • This quiz has been taken 813 times
  • The average score is 39 of 47

Answer Stats

HintAnswer% Correct
ParisFrance
95%
BerlinGermany
95%
AthensGreece
95%
MadridSpain
94%
DublinIreland
93%
RomeItaly
93%
OsloNorway
93%
Andorra la VellaAndorra
92%
BrusselsBelgium
92%
CopenhagenDenmark
92%
MoscowRussia
92%
HelsinkiFinland
91%
BudapestHungary
91%
BernSwitzerland
91%
LuxembourgLuxembourg
90%
LisbonPortugal
90%
KievUkraine
90%
LondonUnited Kingdom
90%
ReykjavikIceland
89%
StockholmSweden
89%
WarsawPoland
88%
PragueCzech Republic
87%
MonacoMonaco
87%
ViennaAustria
86%
BucharestRomania
85%
San MarinoSan Marino
85%
BratislavaSlovakia
83%
MinskBelarus
82%
RigaLatvia
82%
BelgradeSerbia
82%
SofiaBulgaria
81%
LjubljanaSlovenia
80%
AnkaraTurkey
80%
Vatican CityVatican City
80%
TallinnEstonia
78%
ZagrebCroatia
77%
VilniusLithuania
77%
TiranaAlbania
75%
PristinaKosovo
72%
VallettaMalta
71%
ChisinauMoldova
71%
SkopjeMacedonia
70%
PodgoricaMontenegro
70%
NicosiaCyprus
66%
AmsterdamThe Netherlands
63%
VaduzLiechtenstein
55%
SarajevoBosnia and Herzegovina
51%

Score Distribution

Percentile by Number Answered

Percent of People with Each Score

Your Score History

You have not taken this quiz